000 01148cam a2200253 4500
001 ##L133678
008 060601n2001 000 0 eng u
020 _a079237553X
035 _a(Sirsi) u133678
041 0 _aeng
050 0 0 _a333.330711 $2 21
110 2 _aEuropean Business School
_94933
245 0 0 _aReal estate education throughout the world
_bpast present and future
260 _aBoston
_aLondon
_bKluwer Academic
_c2001
300 _axviii, 523p.
_c25cm.
350 _a115
490 0 _aKAP Research Issues in Real Estate
505 2 _aRequisite knowledge for effective property involvements in the global context -- Real estate education in Europe -- Real estate education in northern America -- Real estate education in Latin America -- Real estate education in Asia -- Real estate education in the Pacific Rim -- Real estate education in Africa
520 _aDocuments the current status of real estate education throughout the world, and looks at the underlying research.
690 _aCAREERS, EDUCATION AND TRAINING
700 1 _aSchulte, Karl-Werner
710 2 _aAmerican Real Estate Society
_93481
942 _n0
999 _c105448
_d105448